Most Popular Baby Boy Name by Year (United States) - Statistics

General Stats
  • This quiz has been taken 64 times
  • The average score is 104 of 145
Answer Stats
Hint Answer % Correct
1880 | 1881 | 1882 | +41 others John
91%
1940 | 1941 | 1942 | +10 others James
76%
1954 | 1955 | 1956 | +41 others Michael
67%
1924 | 1925 | 1926 | +14 others Robert
64%
1960 David
58%
2017 | 2018 | 2019 | +5 others Liam
56%
2013 | 2014 | 2015 | 2016 Noah
49%
1999 | 2000 | 2001 | +11 others Jacob
47%
No matching quizzes found
Score Distribution
Percent of People with Each Score
Percentile by Number Answered
Your Score History
You have not taken this quiz